000 00591nam a2200217 i 4500
001 14766
003 ES-MaACL
005 20230906150902.0
007 t|
008 990601s1969 sp ||||1| spa d
080 _a821.134.2-14"19"
100 1 _aMendizábal, Federico de.
_980208
245 1 0 _aClarines del Alcazar /
_cFederico de Mendizábal.
250 _a2ª ed.
260 _aMadrid :
_bGesta,
_c[1969]
300 _a184 p. ;
_c17 cm.
490 1 _aColección Hispania
830 0 _aColección Hispania
_9179663
852 _aES-MaACL
_jL-21871
_bR.118124
999 _c14766
_d14766